000
00372nam a2200145Ia 4500
008
231129s2000||||xx |||||||||||||| ||spa||
020
_a
958-04-5775-1
040
_b
spa
082
_a
823 U75m
100
_a
Ure Jean
245
0
_a
Me dicen Sara Tomate
260
_c
2000
264
_a
Barcelona EspaƱa : Norma
942
_2
ddc
_c
BKS
999
_c
20805
_d
20805